书目信息 |
| 题名: |
电焊工基础
|
|
| 作者: | ;国营红湘江机器厂教育科 编 | |
| 分册: | ||
| 出版信息: | 长沙 湖南人民出版社 1974 |
|
| 页数: | 268页 | |
| 开本: | 20cm | |
| 丛书名: | ||
| 单 册: | ||
| 中图分类: | TG44 | |
| 科图分类: | ||
| 主题词: | 焊接工艺 | |
| 电子资源: | ||
| ISBN: | ||
| 000 | 00611nam0 2200193 450 | |
| 001 | 0634896400 | |
| 005 | 20060427094328.00 | |
| 010 | @dCNY0.62 | |
| 100 | @a20060427d1974 km y0chiy0120 ea | |
| 101 | 0 | @achi |
| 102 | @aCN@b430000 | |
| 200 | 1 | @a电焊工基础@Adian han gong ji chu@f国营红湘江机器厂教育科编@Fguo ying hong xiang jiang ji qi chang jiao yu ke bian |
| 210 | @a长沙@c湖南人民出版社@d1974 | |
| 215 | 1 | @a268页@d20cm |
| 606 | 0 | @a焊接工艺 |
| 690 | @aTG44@v4 | |
| 711 | 0 | @a国营红湘江机器厂教育科@Aguo ying hong xiang jiang ji qi chang jiao yu ke@4编 |
| 801 | 0 | @aCN@bPFT@c20060427 |
| 905 | @a10447@dTG44@e2 | |
| 电焊工基础/国营红湘江机器厂教育科编.-长沙:湖南人民出版社,1974 |
| 268页;20cm |
| ISBN :CNY0.62 |
| ● |
| 相关链接 |
|
|
|
|
正题名:电焊工基础
索取号:TG44/2
 
预约/预借
| 序号 | 登录号 | 条形码 | 馆藏地/架位号 | 状态 | 备注 |
| 1 | 0013404 | 202167261 | 密集书库/ [索取号:TG44/2] | 在馆 |